[Event "Hannover Ihme Cup"]
[Site "Hannover"]
[Date "2013.05.05"]
[Round "5"]
[White "Sommer, Marco"]
[Black "Baum, Frank Christian"]
[Result "1-0"]
[WhiteElo "1829"]
[BlackElo "1574"]
[PlyCount "43"]
[EventDate "2013.05.03"]
[EventType "swiss"]
[EventRounds "5"]
[EventCountry "GER"]
[SourceTitle "EXT 2021"]
[Source "ChessBase"]
[SourceDate "2020.10.23"]
[SourceVersion "1"]
[SourceVersionDate "2020.10.23"]
[SourceQuality "1"]

1. e4 e6 2. d4 d5 3. Be3 dxe4 4. f3 Nf6 5. Nd2 exf3 6. Ngxf3 Nc6 7. c3 b6 8. Bb5 Bb7 9. Qa4 Qd5 10. c4 Qd6 11. Ne5 Be7 12. Bxc6+ Bxc6 13. Qxc6+ Qxc6 14. Nxc6 Kd7 15. Ne5+ Ke8 16. 0-0 Rf8 17. Rae1 Bd6 18. Ndf3 Nd7 19. Nd3 h6 20. Bf4 Bxf4 21. Nxf4 Kd8 22. Ne5 1-0

[Event "Hannover Ihme Cup"]
[Site "Hannover"]
[Date "2013.05.04"]
[Round "3"]
[White "Hoffmann, Michael1111"]
[Black "Sommer, Marco"]
[Result "1/2-1/2"]
[WhiteElo "1996"]
[BlackElo "1829"]
[PlyCount "78"]
[EventDate "2013.05.03"]
[EventType "swiss"]
[EventRounds "5"]
[EventCountry "GER"]
[SourceTitle "EXT 2021"]
[Source "ChessBase"]
[SourceDate "2020.10.23"]
[SourceVersion "1"]
[SourceVersionDate "2020.10.23"]
[SourceQuality "1"]

1. d4 Nf6 2. Nf3 g6 3. b3 Bg7 4. Bb2 d5 5. e3 0-0 6. Be2 c6 7. 0-0 Bg4 8. c4 Ne4 9. Nc3 Bxf3 10. Bxf3 f5 11. g3 e6 12. Bg2 Nd7 13. Qd3 Nxc3 14. Bxc3 Nf6 15. Rfd1 g5 16. cxd5 cxd5 17. Bb4 Rf7 18. Rac1 h5 19. Rc2 Rc7 20. Rdc1 Rac8 21. Rxc7 Rxc7 22. Rxc7 Qxc7 23. Qc3 Qxc3 24. Bxc3 Bf8 25. f3 Kf7 26. Kf2 g4 27. h3 gxf3 28. Bxf3 Ne4+ 29. Bxe4 fxe4 30. Ke2 Kf6 31. Ba5 Bd6 32. Bd8+ Kf5 33. Kf2 e5 34. dxe5 Bxe5 35. Be7 d4 36. exd4 Bxd4+ 37. Ke2 b5 38. Bd6 a6 39. Bc7 Bg1 1/2-1/2

[Event "Hannover Ihme Cup"]
[Site "Hannover"]
[Date "2013.05.04"]
[Round "2"]
[White "Sommer, Marco"]
[Black "Sanasi, Marcello"]
[Result "1-0"]
[WhiteElo "1829"]
[BlackElo "1522"]
[PlyCount "49"]
[EventDate "2013.05.03"]
[EventType "swiss"]
[EventRounds "5"]
[EventCountry "GER"]
[SourceTitle "EXT 2021"]
[Source "ChessBase"]
[SourceDate "2020.10.23"]
[SourceVersion "1"]
[SourceVersionDate "2020.10.23"]
[SourceQuality "1"]

1. e4 c6 2. d4 d5 3. exd5 cxd5 4. c4 Nf6 5. Nf3 Bg4 6. Nc3 e6 7. c5 Nc6 8. Be2 a6 9. 0-0 Qc7 10. b4 Bxf3 11. Bxf3 Nxb4 12. g3 Be7 13. Bf4 Qd7 14. Na4 Bd8 15. Rb1 Nc6 16. Bd6 Ng8 17. Nb6 Bxb6 18. Rxb6 Nge7 19. Bxe7 Qxe7 20. Bxd5 0-0 21. Bxc6 bxc6 22. Qa4 Qd7 23. Rfb1 Rfd8 24. Qxc6 Qxd4 25. Qxa8 1-0

[Event "Hannover Ihme Cup"]
[Site "Hannover"]
[Date "2013.05.03"]
[Round "1"]
[White "Izrailev, Alexander"]
[Black "Sommer, Marco"]
[Result "1-0"]
[WhiteElo "2275"]
[BlackElo "1829"]
[PlyCount "79"]
[EventDate "2013.05.03"]
[EventType "swiss"]
[EventRounds "5"]
[EventCountry "GER"]
[SourceTitle "EXT 2021"]
[Source "ChessBase"]
[SourceDate "2020.10.23"]
[SourceVersion "1"]
[SourceVersionDate "2020.10.23"]
[SourceQuality "1"]

1. e4 e5 2. d4 exd4 3. Qxd4 d6 4. Nc3 Nf6 5. Bg5 Be7 6. 0-0-0 Nc6 7. Qd2 Be6 8. h4 h6 9. Bf4 Ng4 10. f3 Nge5 11. Nd5 Ng6 12. Bg3 Bxd5 13. exd5 Nce5 14. h5 Nf8 15. Be2 a6 16. f4 Ned7 17. Nf3 Nc5 18. Qe3 Qd7 19. Bh4 f6 20. Nd4 0-0-0 21. Qg3 f5 22. Qxg7 Rh7 23. Qg3 Bxh4 24. Qxh4 Qf7 25. Bf3 Nfd7 26. Rhe1 Rg8 27. Kb1 Kb8 28. Ne6 Nb6 29. Qf2 Ne4 30. Qd4 Ng3 31. a4 Rc8 32. Re3 Nd7 33. Rb3 a5 34. Qc3 b6 35. Qxa5 Nxh5 36. Qb4 Nhf6 37. a5 Ng8 38. axb6 Nxb6 39. Nxc7 Rxc7 40. Qxd6 1-0